MARC

LEADER 00000nam0a2200000 4500
001 195789
005 20231031182908.0
010 |a 5120012833 
020 |a RU  |b 90-56420 
035 |a (RuTPU)RU\TPU\book\213603 
090 |a 195789 
100 |a 20110516d1990 km y0rusy5003 ca 
101 0 |a rus 
102 |a UA 
105 |a y z 001zy 
200 1 |a Проблема неопределенности в задачах принятия решений  |f В. И. Иваненко, В. А. Лабковский  |g Академия наук Украинской ССР (АН УССР), Институт кибернетики (ИК) 
210 |a Киев  |c Наук. думка  |d 1990 
215 |a 136 с.  |d 21 см 
320 |a Библиогр.: с. 129-133 (94 назв.). 
610 1 |a принятие решений 
610 1 |a математика 
610 1 |a неопределенность 
610 1 |a нестохастическая случайность 
610 1 |a эксперименты 
610 1 |a байесовский подход 
610 1 |a задачи 
675 |a 519.81  |z rus 
700 1 |a Иваненко  |b В. И.  |g Виктор Иванович  |4 070 
701 1 |a Лабковский  |b В. А.  |g Валерий Аркадьевич  |4 070 
712 0 2 |a Академия наук Украинской ССР (АН УССР)  |b Институт кибернетики (ИК)  |2 stltpush  |3 (RuTPU)RU\TPU\col\11437 
801 0 |a RU  |b RuMRKP  |c 19950417  |g psbo 
801 1 |a RU  |b 63413507  |c 20110516 
801 2 |a RU  |b 63413507  |c 20140617  |g RCR 
942 |c BK